Statistics for Квиз о Казахстану

Click here to take the quiz!

General Stats

  • This quiz has been taken 65 times
    (45 since last reset)
  • The average score is 14 of 19

Answer Stats

ОписОдговор% Correct
Главни градАстана
95%
Државе са којима се граничиРусија
95%
Државе са којима се граничиКиргистан
93%
Државе са којима се граничиУзбекистан
93%
Државе са којима се граничиКина
90%
Држава од које је Казахстан добио независност 1991.Совјетски савез
90%
Најзаступљенија религијаИслам
88%
Празник који се слави седмог јануараБожић
88%
Државе са којима се граничиТуркменистан
83%
Највеће унутрашње море на свету, на чије обале ова држава излазиКаспијско море
78%
Древна трговачка рута која је пролазила кроз КазахстанПут {свиле}
78%
Кан који је освојио ову област током 1200-ихЏингис-кан
73%
Најважнија извозна сировинаНафта
73%
Животиња за коју се верује да је прво припитомљена у КазахстануКоњ
58%
Некад друго по величини унутрашње море на свету, данас углавном испарилоАралско море
55%
Велики део Казахстана прекрива овај травнати биомСтепа
55%
Највећи градАлмати
53%
Најпознатији измишљени Казах на светуБорат
38%
Бајконурски ___________, тренутно изнајмљен Русији, је највећи објекат ове врсте у светуКосмодром
33%

Score Distribution

Percentile by Number Answered

Percent of People with Each Score

Your Score History

You have not taken this quiz since the last reset